|
|
|
|
| LEADER |
00000nam a2200000Ii 4500 |
| 001 |
DIGANBSCH0027 |
| 003 |
NyNyDIG |
| 006 |
m o d |
| 007 |
cr ||||||||||| |
| 008 |
240103s2019 sp ab ob 001 0 spa d |
| 035 |
|
|
|a (OCoLC)1101966027
|
| 040 |
|
|
|a DGITA
|b eng
|e rda
|e pn
|c DGITA
|
| 020 |
|
|
|a 9788494933158
|q eBook
|
| 020 |
|
|
|z 9788494933141
|
| 041 |
1 |
|
|a spa
|h eng
|
| 050 |
1 |
4 |
|a QH431 ebook
|
| 082 |
0 |
4 |
|a 572.86
|2 23
|
| 100 |
1 |
|
|a Reich, David
|c (Of Harvard Medical School),
|e author.
|
| 240 |
1 |
0 |
|a Who we are and how we got here.
|l Spanish
|s (Otero-Piñeiro)
|
| 245 |
1 |
0 |
|a Quiénes somos y cómo hemos llegado hasta aquí :
|b ADN antiguo y la nueva ciencia del pasado humano /
|c David Reich ; traducción de Dulcinea Otero-Piñeiro.
|
| 264 |
|
1 |
|a Barcelona :
|b Antoni Bosch editor,
|c [2019]
|
| 300 |
|
|
|a 1 online resource :
|b illustrations, maps.
|
| 336 |
|
|
|a text
|b txt
|2 rdacontent
|
| 337 |
|
|
|a computer
|b c
|2 rdamedia
|
| 338 |
|
|
|a online resource
|b cr
|2 rdacarrier
|
| 347 |
|
|
|a text file
|2 rdaft
|
| 347 |
|
|
|b EPUB
|
| 504 |
|
|
|a Includes bibliographical references and index.
|
| 588 |
0 |
|
|a Online resource; title from ePub title page (Digitalia, viewed January 3, 2024)
|
| 650 |
|
0 |
|a Human genetics
|v Popular works.
|
| 650 |
|
0 |
|a Genomics
|v Popular works.
|
| 650 |
|
0 |
|a DNA
|x Analysis.
|
| 650 |
|
0 |
|a Prehistoric peoples.
|
| 650 |
|
0 |
|a Human population genetics.
|
| 700 |
1 |
|
|a Otero-Piñeiro, Dulcinea,
|e translator.
|
| 700 |
1 |
|
|i Translation of:
|a Reich, David
|c (Of Harvard Medical School).
|t Who we are and how we got here.
|
| 791 |
2 |
|
|a Digitalia (Firm),
|e distributor.
|
| 793 |
0 |
|
|g Digitalia eBook Collection:
|a Antoni Bosch Editor
|
| 776 |
0 |
8 |
|i Print version:
|a Reich, David (Of Harvard Medical School).
|s Who we are and how we got here. Spanish (Otero-Piñeiro).
|t Quiénes somos y cómo hemos llegado hasta aquí.
|d Barcelona : Antoni Bosch editor, [2019]
|z 9788494933141
|
| 856 |
4 |
0 |
|3 Digitalia Hispánica
|u https://www.digitaliapublishing.com/a/98233/
|
| 910 |
|
|
|a Premium collection: 2024
|